000 00282nam a22001217a 4500
008 170714b xxu||||| |||| 00| 0 eng d
041 _aeng
080 _a038
100 _a24
101 _aFJA
245 _aWEBSTER'S NINTH NEW COLLEGIATE DICTIONARY
_cWEBSTER,, M
942 _2udc
_cBK
999 _c20878
_d20878